000
00351nam a2200133Ia 4500
005
20251013221639.0
008
251010s9999 xx 000 0 und d
041
_a
mar
100
_a
नरवण वि.श्री.
_9
213891
245
_a
रवींद्रनाथ टागोर
250
_a
1ST
260
_b
Dastane
_c
1982
300
_a
212
999
_c
368123
_d
368123